000 01008nam a22002897a 4500
003 EG-ScBUE
005 20211017144948.0
008 200219t2006 nyua f 001 0 eng d
020 _a9780194305457
040 _aEG-ScBUE
_beng
_erda
_cEG-ScBUE
_dEG-ScBUE
082 0 4 _a428.64
_bPAN
_222
245 0 0 _aPanorama :
_bbuilding perspective through reading.
_n3 /
_cKathleen F. Flynn [and five others]
264 1 _aNew York, NY ;
_aOxford, UK :
_bOxford University Press,
_c[2006]
264 4 _cc2006
300 _axii, 132 pages :
_billustrations ;
_c30 cm
336 _2rdacontent
_atext
_btxt
337 _2rdamedia
_aunmediated
_bn
338 _2rdacarrier
_avolume
_bnc
500 _aIncludes index.
650 7 _aReading comprehension
_xStudy and teaching.
_2BUEsh
650 7 _aReading comprehension
_xProblems, exercises, etc.
_2BUEsh
653 _bHHUUEENN
_cOctober2021
655 _vReading book
_934232
700 1 _aFlynn, Kathleen,
_d1963-
_eauthor.
_939767
942 _2ddc
_cBB
999 _c29600
_d29571